| 000 | 00758cam a2200253 4500500 | ||
|---|---|---|---|
| 005 | 20260405003257.0 | ||
| 041 | _afre | ||
| 042 | _adc | ||
| 100 | 1 | 0 |
_aGastineau, Nicolas _eauthor |
| 245 | 0 | 0 | _aRN, le parti de la jeunesse périphérique ? |
| 260 | _c2021. | ||
| 500 | _a63 | ||
| 690 | _aDéclassement | ||
| 690 | _aÉlection présidentielle 2022 | ||
| 690 | _aFront National | ||
| 690 | _aGénérations | ||
| 690 | _aJeunes | ||
| 690 | _aJeunesse | ||
| 690 | _aMarine Le Pen | ||
| 690 | _aPolitique | ||
| 690 | _aRassemblement national | ||
| 786 | 0 | _nPhilosophie magazine | 149 | 5 | 2021-05-01 | p. 11-13 | 1951-1787 | |
| 856 | 4 | 1 | _uhttps://shs.cairn.info/magazine-philosophie-magazine-2021-5-page-11?lang=fr&redirect-ssocas=7080 |
| 999 |
_c2066050 _d2066050 |
||